1986 1429 1072 1706 1495 1587 1123 1488 1766 1407 1018 1525 1330 1600 1069 1618 1519 1647 1718 1119 1417 1460 1419 1900 1827 1368 1667 1423 1779 1769 1183 1903 1435 1293 1903 1365 1119 1862 1774 1724 1066 1447 1985 1731 1894 1612 1888 1779 1064 1475 1486 1287 1666 1144 1910 1040 1960 1710 1358 1708 1942 1328 1835 1150 1179 1867 1465 1270 1302 1571 1282 1188 1098 1185 1338 1708 1214 1108 1142 1949 1885 1986 1969 1481 1670 1483 1663 1193 1569 1218 1272 1187 1962 1537 1556 1425 1300 1791 1666 BCNSPRNW ULIB Ver.6.0+V

เปลี่ยนเป็นภาษาไทย

Change to English
 แสดงรายละเอียดบรรณานุกรม
  กลับหน้าหลัก

Brief Record : Get Marc (ISO 2709) : E-mail record : QR code < ปิดหน้าต่าง
LEADER : 00000nam 2200000uu 4500
001    13399122717
003     ULIB
008    020711s2555 th a 000 0 tha d
020    9789742473792
050  4 DS520^bป533ร
100    ปัทมาพร คำโท
245    เราคืออาเซียน--ลาว/^cปัทมาพร คำโท
250    พิมพ์ครั้งที่ 4
260    กรุงเทพฯ :^bอมรินทร์คอมมิกส์,^c2555
300    55 หน้า
440  0 ชุด เราคืออาเซียน
650  7 ประชาคมอาเซียน
650  7 อาเซียน
650  7 ลาว
945    ^p75^l0^i20156
999    ^aทศพร เกษรทอง
รายการนี้ยังไม่มีแท็ก
คุณยังไม่ได้ล็อกอิน คุณสามารถมีกิจกรรมร่วมกับเว็บไซต์ได้ แต่ต้องล็อกอินก่อน ::
  ล็อกอิน

รายการสื่อสารสนเทศ

ลำดับที่ ประเภท เลขเรียก/บาร์โค้ด สถานที่ สถานะ
1. การศึกษาทั่วไป
การศึกษาทั่วไป
DS520 ป533ร ฉ.1 
  Barcode: 20156
ห้องสมุดวิทยาเขตนครสวรรค์
►หนังสือทั่วไป:l:General Books
บนชั้น

รายการใกล้เคียง
    ผู้แต่ง [ปัทมาพร คำโท]

    หัวเรื่อง [ประชาคมอาเซียน]
    หัวเรื่อง [อาเซียน]
    หัวเรื่อง [ลาว]

BibComment


ยังไม่เคยถูกคอมเมนท์

คอมเมนท์ทรัพยากรรายการนี้
  คอมเมนท์: เราคืออาเซียนลาว ..


 Copyright 2026. Bcnsprnw @Library